| 000 | 00361cam a22001097a 4500 | ||
|---|---|---|---|
| 008 | 180718b1952 xxu||||| |||| 00| 0 eng d | ||
| 082 | _aR2203x5422 M264 | ||
| 245 |
_aPayment of wages act, 1936 _cby Adaptation of laws Order, 1950 |
||
| 260 |
_aNagpur _bGovernment of Madhya Pradesh _c1952 |
||
| 300 | _a50p | ||
| 700 | _aMadhya Pradesh. Adaptation of laws Order, 1950 | ||
| 999 |
_c496006 _d496006 |
||